书目信息 |
| 题名: |
新中国成立以来党领导农村公益事业发展的历史进程与基本经验研究
|
|
| 作者: | 纪志耿, 著 | |
| 分册: | ||
| 出版信息: | 成都 四川大学出版社 2017 |
|
| 页数: | 15, 317页 | |
| 开本: | 21cm | |
| 丛书名: | ||
| 单 册: | ||
| 中图分类: | F299.241 | |
| 科图分类: | ||
| 主题词: | 农村--公用事业--研究--中国 | |
| 电子资源: | ||
| ISBN: | 978-7-5690-0654-4 | |
| 000 | 01343nam0 2200253 450 | |
| 001 | 2347844715 | |
| 005 | 20231217131755.81 | |
| 010 | @a978-7-5690-0654-4@dCNY38.00 | |
| 100 | @a20180410d2017 em y0chiy50 ea | |
| 101 | 0 | @achi |
| 102 | @aCN@b510000 | |
| 105 | @ay a 000yy | |
| 200 | 1 | @a新中国成立以来党领导农村公益事业发展的历史进程与基本经验研究@Axin zhong guo cheng li yi lai dang ling dao nong cun gong yi shi ye fa zhan de li shi jin cheng yu ji ben jing yan yan jiu@f纪志耿著 |
| 210 | @a成都@c四川大学出版社@d2017 | |
| 215 | @a15, 317页@d21cm | |
| 300 | @a本书获得2011年度国家社科基金青年项目“新中国成立以来党领导农村公益事业发展的历史进程与基本经验研究”的资助 | |
| 314 | @a纪志耿, 男, 1979年出生, 中共党员, 经济学博士。 | |
| 320 | @a有书目 (第304-314页) | |
| 330 | @a农业、农村、农民问题关系党和国家事业发展全局, 农村公益事业发展更是我党领导农村经济社会发展工作的重中之重。农村公益事业可主要划分为农田水利事业、农村教育事业、农村卫生事业、农村社会保障事业四个方面。新中国成立以来, 我国的农村公共事业建设取得了巨大的成就, 农民的生产条件和生活状况得到了极大的改善。本书主要是对新中国成立以来党领导农村公益事业发展的历史进程与基本经验的研究。 | |
| 606 | 0 | @a农村@x公用事业@x研究@y中国 |
| 690 | @aF299.241@v5 | |
| 701 | 0 | @a纪志耿,@Aji zhi geng@f1979-@4著 |
| 801 | 0 | @aCN@b湖北三新@c20180410 |
| 905 | @aZUCC@dF299.241@e5 | |
| 新中国成立以来党领导农村公益事业发展的历史进程与基本经验研究/纪志耿著.-成都:四川大学出版社,2017 |
| 15, 317页;21cm |
| 本书获得2011年度国家社科基金青年项目“新中国成立以来党领导农村公益事业发展的历史进程与基本经验研究”的资助 |
| ISBN 978-7-5690-0654-4:CNY38.00 |
| 农业、农村、农民问题关系党和国家事业发展全局, 农村公益事业发展更是我党领导农村经济社会发展工作的重中之重。农村公益事业可主要划分为农田水利事业、农村教育事业、农村卫生事业、农村社会保障事业四个方面。新中国成立以来, 我国的农村公共事业建设取得了巨大的成就, 农民的生产条件和生活状况得到了极大的改善。本书主要是对新中国成立以来党领导农村公益事业发展的历史进程与基本经验的研究。 |
| ● |
| 相关链接 |
|
|
|
正题名:新中国成立以来党领导农村公益事业发展的历史进程与基本经验研究
索取号:F299.241/5
 
预约/预借
| 序号 | 登录号 | 条形码 | 馆藏地/架位号 | 状态 | 备注 |
| 1 | 2001480151 | 2001480151 | 培训中心一楼图书角/四21架A面5层4列/ [索取号:F299.241/5] | 在馆 | |
| 2 | 2001480152 | 2001480152 | 第四书库/四21架A面5层4列/ [索取号:F299.241/5] | 在馆 | |
| 3 | 2001480153 | 2001480153 | 第四书库/四21架A面5层4列/ [索取号:F299.241/5] | 在馆 | |
| 4 | 2001480154 | 2001480154 | 512书库/ [索取号:F299.241/5] | 在馆 | |
| 5 | 2001480155 | 2001480155 | 512书库/ [索取号:F299.241/5] | 在馆 | |
| 6 | 2001480156 | 2001480156 | 512书库/ [索取号:F299.241/5] | 在馆 | |
| 7 | 2001480157 | 2001480157 | 512书库/ [索取号:F299.241/5] | 在馆 | |
| 8 | 2001480158 | 2001480158 | 培训中心一楼图书角/四21架A面5层4列/ [索取号:F299.241/5] | 在馆 | |
| 9 | 2001480159 | 2001480159 | 315书库/ [索取号:F299.241/5] | 在馆 | |
| 10 | 2001480160 | 2001480160 | 218书库/ [索取号:F299.241/5] | 在馆 | |
| 11 | 2001480161 | 2001480161 | 218书库/ [索取号:F299.241/5] | 在馆 | |
| 12 | 2001480162 | 2001480162 | 218书库/ [索取号:F299.241/5] | 在馆 | |
| 13 | 2001480163 | 2001480163 | 218书库/ [索取号:F299.241/5] | 在馆 | |
| 14 | 2001480164 | 2001480164 | 315书库/ [索取号:F299.241/5] | 在馆 | |
| 15 | 2001480165 | 2001480165 | 315书库/ [索取号:F299.241/5] | 在馆 | |
| 16 | 2001480166 | 2001480166 | 315书库/ [索取号:F299.241/5] | 在馆 | |
| 17 | 2001480167 | 2001480167 | 第四书库/四21架A面5层4列/ [索取号:F299.241/5] | 在馆 | |
| 18 | 2001480168 | 2001480168 | 第四书库/四21架A面5层4列/ [索取号:F299.241/5] | 在馆 | |
| 19 | 2001480169 | 2001480169 | 第四书库/四21架A面5层4列/ [索取号:F299.241/5] | 在馆 | |
| 20 | 2001480170 | 2001480170 | 第四书库/四21架A面5层4列/ [索取号:F299.241/5] | 在馆 | |
| 21 | 2001480171 | 2001480171 | 512书库/ [索取号:F299.241/5] | 在馆 | |
| 22 | 2001480172 | 2001480172 | 512书库/ [索取号:F299.241/5] | 在馆 | |
| 23 | 2001480173 | 2001480173 | 第四书库/四21架A面5层4列/ [索取号:F299.241/5] | 在馆 | |
| 24 | 2001480174 | 2001480174 | 315书库/ [索取号:F299.241/5] | 在馆 | |
| 25 | 2001480175 | 2001480175 | 315书库/ [索取号:F299.241/5] | 在馆 | |
| 26 | 2001480176 | 2001480176 | 培训中心一楼图书角/四21架A面5层4列/ [索取号:F299.241/5] | 在馆 | |
| 27 | 2001480177 | 2001480177 | 218书库/ [索取号:F299.241/5] | 在馆 | |
| 28 | 2001480178 | 2001480178 | 218书库/ [索取号:F299.241/5] | 在馆 | |
| 29 | 2001480179 | 2001480179 | 第四书库/四21架A面5层4列/ [索取号:F299.241/5] | 在馆 | |
| 30 | 2001480180 | 2001480180 | 第四书库/四21架A面5层4列/ [索取号:F299.241/5] | 在馆 |